| 000 | 00547nam a2200169Ia 4500 | ||
|---|---|---|---|
| 008 | 090201s9999 xx 000 0 und d | ||
| 010 | _aKPL-22926 | ||
| 040 | _bमराठी | ||
| 041 | _aमराठी | ||
| 082 |
_a4945 _b22926 |
||
| 100 | _aस्नेहसुधा कुलकर्णी | ||
| 245 |
_aउध्वस्त _cस्नेहसुधा कुलकर्णी |
||
| 260 |
_c2004 _bनीहारा प्रकाशन |
||
| 300 |
_a132 _bमोठा |
||
| 600 | _aउध्वस्त | ||
| 942 | _cBOOK | ||
| 999 |
_c205943 _d205943 |
||